000 00302nam a2200121Ia 4500
008 240624s9999 xx 000 0 und d
041 _aeng
082 _a778.71 MUN
100 _aMUNRO NICKY
245 _aDIGITAL PHOTOGRAPHY MASTERCLASS ADVANCED
260 _c2013
_aLondon
_bDK Publisher
365 _cRS
999 _c26785
_d26785